00449nam a2200133Ia 4500008004000000082001300040100002300053245005000076260002600126690002400152906001100176999001900187952010900206210210b2000 xxu||||| |||| 00| 0 eng d a382 RAMT aRAMAKRISHNA (T N). aTextbook of international trade for II B.Com. abNot Mentionedc2000 aInternational Trade a053018 c101302d101302 00102ddc40708COMaALbALd2021-02-17g0.00l0o382 RAMTp053018r2021-02-17 00:00:00w2021-02-17yBK